000 00546nam a2200157 4500
001 116021
003 ES-MaACL
005 20230906190621.0
007 t|
008 061121s1962 sp r ||||1| spa d
100 1 _aOrtiz de Urtaran, Félix.
_987607
245 1 4 _aLos frutos del Concilio
_b: balance de tres años de preparación : Discurso inaugural en la apertura del Curso 1962-1963 /
_cFélix Ortiz de Urtaran.
260 _aVitoria :
_b[s.n.],
_c1962 (
_fGráf. Eset)
300 _a56 p. ;
_c24 cm.
852 _aES-MaACL
_jC-25243
_bR.50945
999 _c116021
_d116021